000 00563nam a2200193Ia 4500
005 20260120131826.0
008 008 260114s9999 xx 000 0 eng d
020 _a9781383035766
037 _aEBOOK
040 _aCRL
_beng
_cCRL
041 _aeng
_2eng
084 _qCRL
100 _aBrennan, et al
_9931655
245 0 _aCommon Minds: Themes from the Philosophy of Philip Pettit
260 _bOxford University PressOxford University Press
_c2023
856 _uhttps://academic.oup.com/book/49506
942 _cEBOOK
999 _c1523577
_d1523577